| 000 | 01777cam a2200385 i 4500 | ||
|---|---|---|---|
| 001 | 17612856 | ||
| 003 | EG-ScBUE | ||
| 005 | 20230622134430.0 | ||
| 008 | 130204s2012 enk f b 001 0 eng d | ||
| 020 | _a9780199227051 (hardcover) | ||
| 040 |
_aDLC _beng _erda _cDLC _dEG-ScBUE |
||
| 043 |
_ae------ _aa-tu--- |
||
| 082 | 0 | 4 |
_a909.07 _bHOU _222 |
| 100 | 1 |
_aHousley, Norman, _eauthor. |
|
| 245 | 1 | 0 |
_aCrusading and the Ottoman threat, 1453-1505 / _cNorman Housley. |
| 250 | _aFirst edition. | ||
| 264 | 1 |
_aOxford : _bOxford University Press, _c2012. |
|
| 300 |
_axii, 242 pages ; _c24 cm |
||
| 336 |
_2rdacontent _atext _btxt |
||
| 337 |
_2rdamedia _aunmediated _bn |
||
| 338 |
_2rdacarrier _avolume _bnc |
||
| 504 | _aIncludes bibliographical references and index. | ||
| 520 | 2 | _a"Written by the leading expert on crusading in the late Middle Ages; covers crusading in a period that is generally neglected; contributes towards the study of interfaith relations in the Middle Ages and Renaissance; advances our understanding of Europe's engagement with the Turkish problem through the early modern and modern periods; deepens our understanding of the values and debates of the Renaissance period"--From publisher's website. | |
| 650 | 7 |
_aCrusades _y13th-15th centuries. _2BUEsh |
|
| 651 | 7 |
_aEurope _xRelations _zTurkey. _2BUEsh |
|
| 651 | 7 |
_aTurkey _xRelations _zEurope. _2BUEsh |
|
| 651 | 7 |
_aChristianity _xRelations _xIslam _xHistory _yTo 1500. _2BUEsh |
|
| 651 | 7 |
_aIslam _xRelations _xChristianity _xHistory _yTo 1500. _2BUEsh |
|
| 651 | 7 |
_aEurope _xHistory, Military. _2BUEsh _921760 |
|
| 651 | 7 |
_aEurope _xHistory _y476-1492. _2BUEsh _934028 |
|
| 651 | 7 |
_aEurope _xHistory _y1492-1517. _2BUEsh |
|
| 653 |
_bBUSBOL _bGGEN _cJune2018 |
||
| 655 | _vReading book | ||
| 942 |
_2ddc _cBB |
||
| 999 |
_c26782 _d26754 |
||